Elite Dangerous: Ships - Statistics

General Stats
  • This quiz has been taken 82 times
    67 since last reset
  • The average score is 28 of 46
Answer Stats
Hint Answer % Correct
Small Cobra MkIII
91%
Large Type-7 Transporter
91%
Large Type-9 Heavy
91%
Small Cobra MkIV
88%
Small Sidewinder MkI
88%
Large Anaconda
85%
Medium Type-6 Transporter
82%
Medium Asp Explorer
79%
Small Diamondback Explorer
79%
Large Type-10 Defender
79%
Small Eagle MkII
76%
Large Imperial Cutter
76%
Medium Python
76%
Medium Asp Scout
74%
Small Diamondback Scout
74%
Small Hauler
74%
Small Imperial Eagle
74%
Large Beluga Liner
71%
Small Adder
68%
Small Dolphin
68%
Large Imperial Clipper
68%
Medium Krait MkII
65%
Medium Krait Phantom
65%
Large Federal Corvette
62%
Large Orca
62%
Medium Alliance Crusader
59%
Medium Federal Dropship
59%
Medium Keelback
59%
Medium Alliance Chieftain
56%
Small Viper MkIII
56%
Small Imperial Courier
53%
Medium Alliance Challenger
50%
Medium Mamba
50%
Small Viper MkIV
50%
Medium Federal Gunship
47%
Medium Fer-de-Lance
47%
Capital Ships Drake-Class Carrier
44%
Medium Python Mk II
44%
Small Vulture
44%
Medium Federal Assault Ship
41%
Fighters Taipan
29%
Fighters XG7 Trident
29%
Fighters F63 Condor
26%
Fighters XG8 Javelin
26%
Fighters XG9 Lance
24%
Fighters Gu-97
21%
No matching quizzes found
Score Distribution
Percent of People with Each Score
Percentile by Number Answered
Your Score History
You have not taken this quiz since the last reset